Study of slums in urban Jorhat / (Record no. 21452)
[ view plain ]
| 000 -LEADER | |
|---|---|
| fixed length control field | 00461nam a2200133Ia 4500 |
| 082 ## - DEWEY DECIMAL CLASSIFICATION NUMBER | |
| Classification number | RS.0897 |
| 100 ## - MAIN ENTRY--AUTHOR NAME | |
| Personal name | Sarmah, Dipankar |
| Affiliation | Manohari Devi Kanoi Girls' College |
| Place | Assam |
| 245 #0 - TITLE STATEMENT | |
| Title | Study of slums in urban Jorhat / |
| Statement of responsibility, etc | Dipankar Sarmah |
| 260 ## - PUBLICATION, DISTRIBUTION, ETC. (IMPRINT) | |
| Place of publication | New Delhi : |
| Name of publisher/Sponsor | Indian Council of Social Science Research, |
| Year of publication | 2014 |
| 300 ## - PHYSICAL DESCRIPTION | |
| Number of Pages | xii, 110p |
| 650 ## - SUBJECT ADDED ENTRY--TOPICAL TERM | |
| Topical Term | Community development, Urban |
| Geographic subdivision | Assam, India |
| 650 ## - SUBJECT ADDED ENTRY--TOPICAL TERM | |
| Topical Term | Urban renewal projects |
| Geographic subdivision | Assam, India |
| 942 ## - ADDED ENTRY ELEMENTS (KOHA) | |
| Koha item type | Research Reports |
| Source of classification or shelving scheme | Dewey Decimal Classification |
| Withdrawn status | Lost status | Damaged status | Not for loan | Collection code | Home library | Current library | Date acquired | Source of acquisition | Bill Date | Full call number | Accession Number | Price effective from | Koha item type |
|---|---|---|---|---|---|---|---|---|---|---|---|---|---|
| Major Research Project Reports | NASSDOC Library | NASSDOC Library | 26/10/2017 | Gifted by : RP Division, ICSSR | 2017-10-13 | RS.0897 | 49499 | 18/04/2019 | Research Reports |
